Real or Fake: Presidents - Sudden Death - Statistics

General Stats
  • This quiz has been taken 163 times
  • The average score is 6 of 8
Answers on the Grid
Answers color-coded by a green-red scale on the quiz's grid according to % correct below.
Andrew Johnson
Benjamin Harrison
John Jackson
Richard Taft
William Taft
Thomas Brown
Spiro Mondale
Daniel Harvard
Jacob Roberts
Ulysses Mather
Mentor Woody
Joseph Biden
Ethan Adams
Chester Arthur
Al Woolsey
Nathan Cook
William Bart
William Benjamin
Bill Clinton
Bill Barbie
Calvin Coolidge
Chester Walden
Zachary Hilde
Thomas Quayle
Grover Roper
Kamala Harris
William Gayle
Hubert Bonny
Dwight Eisenhower
 
Answer Stats
Answer % Correct
Andrew Johnson
85%
Joseph Biden
83%
Bill Clinton
81%
Dwight Eisenhower
80%
William Taft
73%
Calvin Coolidge
71%
Benjamin Harrison
68%
Chester Arthur
52%
No matching quizzes found
Score Distribution
Percent of People with Each Score
Percentile by Number Answered
Your Score History
You have not taken this quiz